| 000 | 01054nam a2200229 i 4500 | ||
|---|---|---|---|
| 001 | 159428 | ||
| 003 | ES-MaACL | ||
| 005 | 20231228063236.0 | ||
| 008 | 950223s1884 sp |||| | spa d | ||
| 080 | _a821.134.2.09 | ||
| 100 | 1 |
_aMenéndez y Pelayo, Marcelino, _d1856-1912 _980332 |
|
| 245 | 1 | 0 |
_aEstudios de crítica literaria / _cpor Marcelino Menéndez y Pelayo. |
| 260 |
_aMadrid : _b[s.n.], _c1884 ( _fImp. de A. Pérez Dubrull) |
||
| 300 |
_a329 p. ; _c17 cm. |
||
| 490 | 1 |
_aColección de escritores castellanos ; _v15 |
|
| 505 | 8 | _aContiene: De la poesía mística ; De la historia considerada como obra artística ; San Isidoro ; Noticias sobre la vida y escritos de D. Rodrigo Caro ; D. Francisco Martínez de la Rosa ; D. Gaspar Nuñez de Arce | |
| 597 | _aPort. orlada a dos tintas con grab. xil. | ||
| 650 | 4 |
_aLiteratura española- _xHistoria y crítica _914560 |
|
| 830 | 1 |
_aColección de escritores castellanos ; _v15 _9180741 |
|
| 852 |
_aES-MaACL _jF-12644 _z- Enc. pasta, conservando la cub. original |
||
| 999 |
_c159428 _d159428 |
||